1982 1828 1773 1655 1474 1198 1249 1586 1606 1067 1999 1494 1739 1490 1952 1897 1862 1456 1222 1968 1384 1450 1681 1767 1565 1078 1698 1978 1404 1055 1953 1289 1677 1449 1857 1595 1583 1875 1081 1550 1476 1209 1201 1609 1655 1962 1617 1422 1997 1192 1288 1094 1832 1135 1610 1560 1314 1258 1957 1122 1532 1218 1335 1443 1512 1185 1423 1671 1247 1168 1492 1942 1497 1323 1068 1064 1529 1750 1925 1195 1830 1236 1659 1507 1714 1763 1403 1013 1906 1354 1781 1575 1703 1173 1518 1063 1749 1600 1207 BCNSPRNW ULIB Ver.6.0+V

เปลี่ยนเป็นภาษาไทย

Change to English
 แสดงรายละเอียดบรรณานุกรม
  กลับหน้าหลัก

Brief Record : Get Marc (ISO 2709) : E-mail record : QR code < ปิดหน้าต่าง
LEADER : 00000nam 2200000uu 4500
001    13399128949
003     ULIB
008    241101s2566||||th 000 0 tha d
020    ^a9789740342120
050  4 ^aLB1025.3^bท512ถ
100 0  ^aทิศนา แขมมณี
245 10 ^aถอดรหัสปรัชญาของเศรษฐกิจพอเพียงสู่การสอนกระบวนการคิด /^cทิศนาแขมมณี
250    ^aพิมพ์ครั้งที่ 4
260    ^aกรุงเทพฯ :^bสำนักพิมพ์แห่งจุฬาลงกรณ์มหาวิทยาลัย,^c2566
300    ^a214 หน้า ;^c21 ซม.
505 0  ^aปรัชญาเศรษฐกิจพอเพียง : สาระสำคัญ --การขับเคลื่อนปรัชญาของเศรษฐกิจพอเพียงสู่สถานศึกษา --การถอดรหัสปรัชญาของเศรษฐกิจพอเพียงเพื่อประยุกต์สู่การสอน --การนำปรัชญาเศรษฐกิจพอเพียงสู่การสอนกระบวนการคิด :การประยุกต์ปรัชญาของเศรษฐกิจพอเพียงสู่การเรียนการสอน --การสอนปรัชญาของเศรษฐกิจพอเพียงแบบแยกส่วน --การสอนปรัชญาของเศรษฐกิจพอเพียงแบบเน้นกระบวนการคิด :นวัตกรรมการสอน --หลักการสอนสำหรับการพัฒนาทักษะกระบวนการคิดการปฏิบัติตามปรัชญาของเศรษฐกิจพอเพียง
650  4 ^aเศรษฐกิจพอเพียง^xการศึกษาและการสอน
650  4 ^aความคิดและการคิด
650  4 ^aการเรียนรู้
650  4 ^aระบบการเรียนการสอน
650  4 ^aการสอน
945    ^p230^l0^i30339
945    ^p230^l0^i30340
945    ^p230^l0^i30341
945    ^p230^l0^i30342
945    ^p230^l0^i30343
945    ^p230^l0^i30344
945    ^p230^l0^i30345
999    ^aกัณชพร จุลอักษร
รายการนี้ยังไม่มีแท็ก
คุณยังไม่ได้ล็อกอิน คุณสามารถมีกิจกรรมร่วมกับเว็บไซต์ได้ แต่ต้องล็อกอินก่อน ::
  ล็อกอิน

รายการสื่อสารสนเทศ

ลำดับที่ ประเภท เลขเรียก/บาร์โค้ด สถานที่ สถานะ
1. หนังสือสำรอง
หนังสือสำรอง
LB1025.3 ท512ถ ฉ.1 
  Barcode: 30339
ห้องสมุดวิทยาเขตนครสวรรค์
►หนังสือทั่วไป:l:General Books
บนชั้น
2. วิทยาศาสตร์การแพทย์ และสุขภาพ
วิทยาศาสตร์การแพทย์ และสุขภาพ
LB1025.3 ท512ถ ฉ.2 
  Barcode: 30340
ห้องสมุดวิทยาเขตนครสวรรค์
►หนังสือทั่วไป:l:General Books
บนชั้น
3. วิทยาศาสตร์การแพทย์ และสุขภาพ
วิทยาศาสตร์การแพทย์ และสุขภาพ
LB1025.3 ท512ถ ฉ.3 
  Barcode: 30341
ห้องสมุดวิทยาเขตนครสวรรค์
►หนังสือทั่วไป:l:General Books
บนชั้น
4. วิทยาศาสตร์การแพทย์ และสุขภาพ
วิทยาศาสตร์การแพทย์ และสุขภาพ
LB1025.3 ท512ถ ฉ.4 
  Barcode: 30342
ห้องสมุดวิทยาเขตนครสวรรค์
►หนังสือทั่วไป:l:General Books
บนชั้น
5. วิทยาศาสตร์การแพทย์ และสุขภาพ
วิทยาศาสตร์การแพทย์ และสุขภาพ
LB1025.3 ท512ถ ฉ.5 
  Barcode: 30343
ห้องสมุดวิทยาเขตนครสวรรค์
►หนังสือทั่วไป:l:General Books
บนชั้น
6. วิทยาศาสตร์การแพทย์ และสุขภาพ
วิทยาศาสตร์การแพทย์ และสุขภาพ
LB1025.3 ท512ถ ฉ.6 
  Barcode: 30344
ห้องสมุดวิทยาเขตนครสวรรค์
►หนังสือทั่วไป:l:General Books
บนชั้น
7. วิทยาศาสตร์การแพทย์ และสุขภาพ
วิทยาศาสตร์การแพทย์ และสุขภาพ
LB1025.3 ท512ถ ฉ.7 
  Barcode: 30345
ห้องสมุดวิทยาเขตนครสวรรค์
►หนังสือทั่วไป:l:General Books
บนชั้น

รายการใกล้เคียง
    ผู้แต่ง [ทิศนา แขมมณี]

    หัวเรื่อง [ความคิดและการคิด]
    หัวเรื่อง [การเรียนรู้]
    หัวเรื่อง [ระบบการเรียนการสอน]
    หัวเรื่อง [การสอน]

BibComment


ยังไม่เคยถูกคอมเมนท์

คอมเมนท์ทรัพยากรรายการนี้
  คอมเมนท์: ถอดรหัสปรัชญาของ..


 Copyright 2026. Bcnsprnw @Library